000 00453nam a2200169Ia 4500
003 IN-BaIIA
008 211028s9999 xx 000 0 eng d
040 _cIIA Library
080 _a954
_bIND
110 _aIndia Book House
_917526
245 0 _aIndia calling
_cIndia Book House
260 _aBombay
_bIBH Publishing
_c1991
300 _a201p.
650 _aIndia
650 _aNASA Thesaurus
942 _cBK
999 _c10310
_d10310